02037nam a2200217Ia 45000010005000000080041000050100009000460410014000550820015000692450127000842600017002113000008002285200007002366300022002436300024002656500022002897000041003117000032003527000033003845201402004171946241029s9999 xx 000 0 und d a1825 aEspañol aM.C.S. 004 0aEstudio de las estructuras y variables socio-económicas en la Comunidad de Guananico, Puerto Plata en la actualidad 2010 aPuerto Plata a121 a27 aCiencias Sociales aComunidad Educativa aCiencias Sociales easesora De León Castillo, Leandra eautoraCastillo, Petronila  eautoraJenao, Arelys Omaira  aLos principales propósitos del estudio consistieron en conocer los diferentes aspectos socioeconómicos y poblacionales del municipio de Guananico en la actualidad, así como determinar las características de la población de Guananico. También pretendió analizar los aspectos sociales y conocer la situación económica del municipio. Para el alcance de los objetivos, el estudio empleó una metodología de corte cuantitativo y se fundamentó en los métodos descriptivo, exploratorio y la observación. Como instrumento se utilizó una guía de entrevista. Se trabajó con una muestra de siete sectores del municipio. Los resultados se presentaron a través de una estadística descriptiva con medias, tablas y gráficas.Los resultados indican que los antecedentes socioeconómicos del municipio no se encuentran de manera documental, lo que dificulta su conocimiento, además, destacan que la población se clasifica en clase alta, media y baja y que el sexo predominante en la clase alta es el masculino, lo cual se relaciona con el poder oligárquico que ejerce esta clase en el área económica del municipio.El estudio sugiere fortalecer la estructura municipal como medio de desarrollo del municipio y que la clase alta cree pequeñas industrias agropecuarias, donde se procesen los productos de este renglón y se empleen los integrantes de la clase baja.